000 00617nam a2200265Ia 4500
005 20260324152555.0
008 008 260324s9999 xx 000 0 eng d
020 _a9780444627476
037 _aEBOOK
040 _aCRL
040 _beng
040 _cCRL
041 _2eng
041 _aeng
084 _qCRL
100 _aDolez, Patricia
_91229160
245 0 _aNanoengineering
260 _bElsevier
260 _c2015
650 _aChemical Engineering
856 _uhttps://www.sciencedirect.com/science/book/9780444627476
942 _cEBOOK
999 _c1839853
_d1839853